01284nam a2200337 45000010009000000050017000090070004000260080006000300100017000360200028000530400019000810420008001000500026001080820019001341000022001532450094001752460045002692500012003142600031003263000038003575000019003956500041004147000024004558560098004798560090005778560078006679060045007459420013007909990013008039520130008161248347920140916122807.0000000  a 2001045582 a0471359017 (alk. paper) aUOELcDLCdDLC apcc00aTX911.3.M27bP68 200300a647.94/0682211 aPowers, Thomas F.10aIntroduction to management in the hospitality industry /cTom Powers, Clayton W. Barrows.30aManagement in the hospitality industry / a7th ed. aNew York :bWiley,cc2003. axx, 631 p. :bcol. ill. ;c24 cm. aIncludes index 0aHospitality industryxHome economics1 aBarrows, Clayton W.423Contributor biographical informationuhttp://www.loc.gov/catdir/bios/wiley044/2001045582.html423Publisher descriptionuhttp://www.loc.gov/catdir/description/wiley036/2001045582.html413Table of contentsuhttp://www.loc.gov/catdir/toc/wiley021/2001045582.html a7bcbccorignewd1eocipf20gy-gencatlg 2lcccSL2 c528d528 00102lcc4070aUOEbUOEcSHOd2014-09-16l0oTX911.3.M27 P68 2003p20040400r2026-04-27 09:38:26t20040400w2014-09-16ySL2